<?xml version="1.0" encoding="UTF-8"?>
<record
    xmlns:xsi="http://www.w3.org/2001/XMLSchema-instance"
    xsi:schemaLocation="http://www.loc.gov/MARC21/slim http://www.loc.gov/standards/marcxml/schema/MARC21slim.xsd"
    xmlns="http://www.loc.gov/MARC21/slim">

  <leader>02718agaaa2200337   4500</leader>
  <controlfield tag="001">1584</controlfield>
  <controlfield tag="003">IT-RoPAU</controlfield>
  <controlfield tag="005">20220918181232.0</controlfield>
  <controlfield tag="007">d cvaizq</controlfield>
  <controlfield tag="008">50131s9999||||xx ||| |     ||   ||und||</controlfield>
  <datafield tag="040" ind1=" " ind2=" ">
    <subfield code="a">IT-RoPAU</subfield>
    <subfield code="c">IT-RoPAU</subfield>
  </datafield>
  <datafield tag="041" ind1=" " ind2=" ">
    <subfield code="a">ITALIANO</subfield>
  </datafield>
  <datafield tag="100" ind1=" " ind2=" ">
    <subfield code="a">Polanski Roman</subfield>
    <subfield code="g">Codice regista SPICS: 1627</subfield>
    <subfield code="9">41431</subfield>
  </datafield>
  <datafield tag="130" ind1=" " ind2=" ">
    <subfield code="a">CHINATOWN</subfield>
    <subfield code="9">41432</subfield>
  </datafield>
  <datafield tag="240" ind1=" " ind2=" ">
    <subfield code="a">CHINATOWN</subfield>
    <subfield code="g">T1712</subfield>
  </datafield>
  <datafield tag="245" ind1=" " ind2=" ">
    <subfield code="a">CHINATOWN</subfield>
    <subfield code="c">Prodotto da: Evans Robert -- Sceneggiatura: Towne Robert -- Diretto da: Polanski Roman</subfield>
    <subfield code="p">CHINATOWN (Rif. Codice opera principale : 21584)</subfield>
  </datafield>
  <datafield tag="246" ind1=" " ind2=" ">
    <subfield code="a">CHINATOWN</subfield>
  </datafield>
  <datafield tag="250" ind1=" " ind2=" ">
    <subfield code="a">Edizione Standard</subfield>
  </datafield>
  <datafield tag="260" ind1=" " ind2=" ">
    <subfield code="a">(USA)</subfield>
    <subfield code="b">EVANS ROBERT / Distribuzione: RAI</subfield>
    <subfield code="g">"1974 (1&#xB0; ed.: 1982 ; Ed. Lingua Orig.: 1974)"</subfield>
  </datafield>
  <datafield tag="300" ind1=" " ind2=" ">
    <subfield code="a">VHS</subfield>
    <subfield code="b">sonoro, col.</subfield>
    <subfield code="c">135 minuti</subfield>
  </datafield>
  <datafield tag="508" ind1=" " ind2=" ">
    <subfield code="a">"Fotografia: Alonzo John A.; Montaggio: O'Steen Sam; Musica: Goldsmith Jerry; Sceneggiatura: Towne Robert; Scenografia: Levitt Ruby; "</subfield>
  </datafield>
  <datafield tag="511" ind1=" " ind2=" ">
    <subfield code="a">"Nicholson Jack; Dunaway Faye; Hillerman John; Lopez Perry; Young Burt; Glover Bruce"</subfield>
  </datafield>
  <datafield tag="520" ind1=" " ind2=" ">
    <subfield code="a">UNA SEDICENTE SIGNORA MULWRAY SI PRESENTA A GITTES PERCHE' INVESTIGHI SULLA INFEDELTA' CONIUGALE DEL MARITO GITTES LO PEDINA GIORNO E NOTTE FINCHE' UN GIORNO RIESCE A FOTOGRAFARLO CON UNA GIOVANE DONNA IN BARCA UNA FOTO DELL'INGEGNERE-CAPO E DELLA DONNA APPARE SUI GIORNALI DI LOS ANGELES ALL'INSAPUTA DI GITTES AL QUALE SI PRESENTA LA VERA SIGNORA MULWRAY E MINACCIA DI DENUNCIARLO ALLA POLIZIA LA VICENDA SI COMPLICA DI PIU' QUANDO SI TROVA L'ING.MULWRAY ANNEGATO E GITTES VIENE SFREGIATO AL NASO NELL'INTRICATISSIMA VICENDA GITTES SI ACCORGE DI AVER TOCCATO INTERESSI DI PERSONAGGI POTENTISSIMI CHE HANNO COMPERATO DISTESE ENORMI DI TERRENO CHE DOVRANNO ESSERE IN FUTUROIRRIGATE DALL'ACQUA DEL LAGO ARTIFICIALE L'ORGANIZZAZIONE DEGLI SPECULATORI VUOLE A TUTTI I COSTI FARLO COSTRUIRE COL CONCORSO DEL PUBBLICO DENARO A CAPO DI QUESTA ORGANIZZAZIONE MAFIOSA C'E' IL VECCHIO POTENTISSIMO NOAH CROSS CHE GITTES SCOPRE ESSERE IL PADRE DELLA SIGNORA MULWRAY E SCOPRE PURE CHE LA GIOVANE DONNA FOTOGRAFATA SULLA BARCA CON L?ING: MULWRAY E? FIGLIA E SORELLA DELLA SIGNORA MULWRAY VIOLENTATA A 15 ANNI DAL PADRE NEL QUARTIERE DI CHINATOWN MENTRE LE DUE DONNE STANNO PER FUGGIRE IN AUTO VERSO IL MESSICOINTERVIENE LA POLIZIA CONNIVENTE CON LA MALAVITA E COLPISCE A MORTE LA SIG. MULWRAY FILM A COLORI</subfield>
  </datafield>
  <datafield tag="538" ind1=" " ind2=" ">
    <subfield code="a">PAL, STEREO</subfield>
  </datafield>
  <datafield tag="546" ind1=" " ind2=" ">
    <subfield code="a">ITALIANO</subfield>
  </datafield>
  <datafield tag="650" ind1=" " ind2=" ">
    <subfield code="a">DRAMMA GIALLO</subfield>
    <subfield code="e">FILMS [VHS]</subfield>
    <subfield code="x">Codice MATERIA SPICS: 9960</subfield>
    <subfield code="9">41433</subfield>
  </datafield>
  <datafield tag="700" ind1=" " ind2=" ">
    <subfield code="a">Goldsmith Jerry</subfield>
    <subfield code="e">(musica)</subfield>
    <subfield code="g">Codice Musica SPICS: 10927</subfield>
    <subfield code="9">41434</subfield>
  </datafield>
  <datafield tag="700" ind1=" " ind2=" ">
    <subfield code="a">Polanski Roman </subfield>
    <subfield code="e">(regista)</subfield>
    <subfield code="g">Codice regista SPICS: 1627</subfield>
    <subfield code="9">41435</subfield>
  </datafield>
  <datafield tag="700" ind1=" " ind2=" ">
    <subfield code="a">Towne Robert </subfield>
    <subfield code="e">(soggetto)</subfield>
    <subfield code="g">Codice Soggetto SPICS: 29753</subfield>
    <subfield code="9">41436</subfield>
  </datafield>
  <datafield tag="942" ind1=" " ind2=" ">
    <subfield code="c">VH</subfield>
    <subfield code="2">ddc</subfield>
  </datafield>
  <datafield tag="999" ind1=" " ind2=" ">
    <subfield code="c">105442</subfield>
    <subfield code="d">105442</subfield>
  </datafield>
  <datafield tag="952" ind1=" " ind2=" ">
    <subfield code="0">0</subfield>
    <subfield code="1">0</subfield>
    <subfield code="4">0</subfield>
    <subfield code="6">21584_000000000000000</subfield>
    <subfield code="7">1</subfield>
    <subfield code="a">SPICS</subfield>
    <subfield code="b">SPICS</subfield>
    <subfield code="d">2015-01-31</subfield>
    <subfield code="l">0</subfield>
    <subfield code="o">21584</subfield>
    <subfield code="r">2015-01-31 00:00:00</subfield>
    <subfield code="w">2015-01-31</subfield>
    <subfield code="y">VH</subfield>
    <subfield code="z">Progr. Ins.: 1380 / N.Vol.:1 / Copie: 1 / Pag.: / Copia rara: n.d. / date import: 1.2.2015 / By Epidotti, Trombetti, Vaglietti</subfield>
  </datafield>
</record>
